000
00173nam a2200073Ia 4500
008
170817s9999 xx 000 0 und d
100
_a
PANDEY V. C.
245
0
_a
GIRLS PRIMARY EDUCATION
260
_b
ISHA PUB
999
_c
37156
_d
37156